|
|
|
|
| LEADER |
00000nam0a2200000 4500 |
| 001 |
17863 |
| 005 |
20231030191055.0 |
| 010 |
|
|
|a 5250015980
|
| 035 |
|
|
|a (RuTPU)RU\TPU\book\18011
|
| 035 |
|
|
|a BOOK00002699
|
| 090 |
|
|
|a 17863
|
| 100 |
|
|
|a 20011209d1991 km y0rusy50 ca
|
| 101 |
0 |
|
|a rus
|
| 102 |
|
|
|a RU
|
| 105 |
|
|
|a y e 000zy
|
| 200 |
1 |
|
|a Рыночная экономика: 200 терминов
|e Популярный словарь
|f Под общ. ред. Г. Я. Кипермана
|
| 210 |
|
|
|a Москва
|c Политиздат
|d 1991
|
| 215 |
|
|
|a 223 с.
|
| 610 |
1 |
|
|a экономика
|
| 610 |
1 |
|
|a рыночная экономика
|
| 610 |
1 |
|
|a справочные издания
|
| 610 |
1 |
|
|a терминологичекие словари
|
| 686 |
|
|
|a У011.3я2
|v LBC/SL-A
|2 rubbk
|
| 702 |
|
1 |
|a Киперман
|b Г. Я.
|4 340
|
| 801 |
|
0 |
|a RU
|b 63413507
|c 20011209
|g PSBO
|
| 801 |
|
2 |
|a RU
|b 63413507
|c 20120515
|g PSBO
|
| 942 |
|
|
|c BK
|